ბათუმის შოთა რუსთაველის სახელმწიფო უნივერსიტეტის ბიბლიოთეკა

Психологическая реабилитация при нарушениях поведения в детском возрасте (ბიბ.ჩანაწერი № 35657)

000 -LEADER
fixed length control field 00808nam a2200229Ia 4500
001 - CONTROL NUMBER
control field 1530
003 - CONTROL NUMBER IDENTIFIER
control field GE_BSU
008 - FIXED-LENGTH DATA ELEMENTS--GENERAL INFORMATION
fixed length control field 181216s||||||||xx |||||||||||||| ||und||
040 ## - CATALOGING SOURCE
Transcribing agency GE_BSU
080 ## - UNIVERSAL DECIMAL CLASSIFICATION NUMBER
Universal Decimal Classification number 159.922.7
100 ## - MAIN ENTRY--PERSONAL NAME
Personal name Манова-Томова,В.С.
245 ## - TITLE STATEMENT
Title Психологическая реабилитация при нарушениях поведения в детском возрасте
260 ## - PUBLICATION, DISTRIBUTION, ETC.
Place of publication, distribution, etc. София
260 ## - PUBLICATION, DISTRIBUTION, ETC.
Name of publisher, distributor, etc. Медицина и физкультура
260 ## - PUBLICATION, DISTRIBUTION, ETC.
Date of publication, distribution, etc. 1981
300 ## - PHYSICAL DESCRIPTION
Extent 192стр.
653 ## - INDEX TERM--UNCONTROLLED
Uncontrolled term Психологическая реабилитация при нарушениях поведения в детском возрасте
653 ## - INDEX TERM--UNCONTROLLED
Uncontrolled term Психология
653 ## - INDEX TERM--UNCONTROLLED
Uncontrolled term ფსიქოლოგია
942 ## - ADDED ENTRY ELEMENTS (KOHA)
Koha item type წიგნი
ეგზემპლარები
Withdrawn status Lost status Damaged status Not for loan Date acquired Barcode Date last seen Price effective from Koha item type Public note
        2018-12-17 1190 2018-12-17 2018-12-17 წიგნი დარბაზი